000 00572cam a22002053a 4500
001 34719
003 PGUSA
005 20140828083741.0
008 101222s2010||||xxu|||||s|||||000 | eng d
040 _aPGUSA
_beng
042 _adc
100 1 _aPimentel, Alberto,
_d1849-1925
245 1 0 _aNoites de Cintra
_h[electronic resource] /
_cAlberto Pimentel
260 _bProject Gutenberg,
_c2010
506 _aPublic domain in the USA.
516 _aElectronic text
830 0 _aProject Gutenberg
_v34719
856 4 0 _uhttp://www.gutenberg.org/ebooks/34719
942 _cEB
999 _c263974
_d263974